Central Library OPAC University of Rajshahi

Japan : (Record no. 2925)

MARC details
000 -LEADER
fixed length control field 00918nam a2200289 a 4500
001 - CONTROL NUMBER
control field 2925
003 - CONTROL NUMBER IDENTIFIER
rucl marc code BD-RjUL
005 - DATE AND TIME OF LATEST TRANSACTION
control field 20211208233638.0
008 - FIXED-LENGTH DATA ELEMENTS--GENERAL INFORMATION
fixed length control field 131217s1963 njua b 001 0 eng d
035 ## - SYSTEM CONTROL NUMBER
System control number (BD-RjUL)2953
040 ## - CATALOGING SOURCE
Original cataloging agency DLC
Transcribing agency WSU
Modifying agency SER
-- UKM
-- EQO
-- BD-RjUL
Language of cataloging eng
041 ## - LANGUAGE CODE
Language code of text/sound track or separate title eng
082 00 - DEWEY DECIMAL CLASSIFICATION NUMBER
Classification number 330.952
Author mark and year HAJ 1963
100 1# - MAIN ENTRY--PERSONAL NAME
Personal name Hall, Robert B.
Fuller form of name (Robert Burnett),
Dates associated with a name 1896-1975.
9 (RLIN) 9359
245 10 - TITLE STATEMENT
Title Japan :
Remainder of title industrial power of Asia /
Statement of responsibility, etc. by Robert B. Hall.
260 ## - PUBLICATION, DISTRIBUTION, ETC. (IMPRINT)
Place of publication, distribution, etc. Princeton, N.J :
Name of publisher, distributor, etc. Van Nostrand,
Date of publication, distribution, etc. c1963.
300 ## - PHYSICAL DESCRIPTION
Pagination 127 p. :
Illustrations maps ;
Size 21 cm.
490 1# - SERIES STATEMENT
Series statement Van Nostrand searchlight book ;
Volume/sequential designation no. 11
504 ## - BIBLIOGRAPHY, ETC. NOTE
Bibliography, etc Includes bibliography and index.
650 #0 - SUBJECT ADDED ENTRY--TOPICAL TERM
Topical term or geographic name as entry element Industries
Geographic subdivision Japan.
9 (RLIN) 9082
651 #0 - SUBJECT ADDED ENTRY--GEOGRAPHIC NAME
Geographic name Japan
General subdivision Economic conditions
Chronological subdivision 1945-
9 (RLIN) 8168
830 #0 - SERIES ADDED ENTRY--UNIFORM TITLE
Volume number/sequential designation no. 11
Uniform title Van Nostrand searchlight book ;
942 ## - ADDED ENTRY ELEMENTS (KOHA)
Source of classification or shelving scheme Dewey Decimal Classification
Koha item type Books
Holdings
Lost status Source of classification or shelving scheme Damaged status Not for loan Collection code Permanent Location Current Location Shelving location Date acquired Source of acquisition Cost, normal purchase price Total Checkouts Full call number Date last seen Copy number Koha item type
  Dewey Decimal Classification     Non-fiction Central Library, University of Rajshahi Central Library, University of Rajshahi   24/11/1965 Zeitlinger 12.00   330.952 HAJ 1963 17/12/2013 C-2 Books
  Dewey Decimal Classification     Non-fiction Central Library, University of Rajshahi Central Library, University of Rajshahi   24/11/1965 Zeitlinger 12.00   330.952 HAJ 1963 17/12/2013 C-3 Books
  Dewey Decimal Classification     Non-fiction Central Library, University of Rajshahi Central Library, University of Rajshahi   24/11/1965 Zeitlinger 12.00   330.952 HAJ 1963 17/12/2013 C-4 Books